[Event "DVM U16w 2023"]
[Site "Magdeburg GER"]
[Date "2023.12.30"]
[Round "7"]
[White "Schwarzfischer, Julia"]
[Black "Göb, Franziska"]
[Result "1-0"]
[Termination "normal"]
[Board "7.1"]
[WhiteElo "1438"]
[BlackElo "1316"]
[WhiteClock "01:15:11"]
[BlackClock "00:18:57"]
[WhiteTeam "SF Roding"]
[BlackTeam "SG Porz 2"]
[PlyCount "137"]
[WhiteFideId "16268105"]
[BlackFideId "16293177"]
[EventCountry "GER"]
[EventRounds "7"]
[EventType "team-swiss"]
[EventDate "2023.12.26"]

1. e4 {[%clk 01:30:58]} {[%emt 00:00:02]} e5 {[%clk 01:30:55]} {[%emt
00:00:05]} 2. Nf3 {[%clk 01:31:23]} {[%emt 00:00:05]} Nc6 {[%clk 01:31:22]}
{[%emt 00:00:04]} 3. Bc4 {[%clk 01:31:47]} {[%emt 00:00:05]} Bc5 {[%clk
01:31:47]} {[%emt 00:00:05]} 4. c3 {[%clk 01:32:13]} {[%emt 00:00:05]} Nf6
{[%clk 01:32:14]} {[%emt 00:00:03]} 5. d3 {[%clk 01:32:39]} {[%emt 00:00:03]}
d6 {[%clk 01:32:02]} {[%emt 00:00:42]} 6. h3 {[%clk 01:33:05]} {[%emt
00:00:05]} h6 {[%clk 01:32:17]} {[%emt 00:00:15]} 7. O-O {[%clk 01:33:24]}
{[%emt 00:00:11]} O-O {[%clk 01:32:30]} {[%emt 00:00:16]} 8. a4 {[%clk
01:33:48]} {[%emt 00:00:06]} a5 {[%clk 01:32:25]} {[%emt 00:00:35]} 9. Bb3
{[%clk 01:32:58]} {[%emt 00:01:21]} Ba7 {[%clk 01:22:07]} {[%emt 00:10:48]} 10.
Re1 {[%clk 01:28:46]} {[%emt 00:04:41]} Be6 {[%clk 01:19:54]} {[%emt 00:02:42]}
11. Bc2 {[%clk 01:25:51]} {[%emt 00:03:25]} Re8 {[%clk 01:15:54]} {[%emt
00:04:31]} 12. d4 {[%clk 01:24:51]} {[%emt 00:01:31]} exd4 {[%clk 01:13:56]}
{[%emt 00:02:27]} 13. cxd4 {[%clk 01:24:29]} {[%emt 00:00:52]} Bd7 {[%clk
01:04:42]} {[%emt 00:09:43]} 14. Nc3 {[%clk 01:22:48]} {[%emt 00:02:12]} Bb6
{[%clk 00:56:50]} {[%emt 00:08:22]} 15. e5 {[%clk 01:18:46]} {[%emt 00:04:33]}
dxe5 {[%clk 00:53:25]} {[%emt 00:03:54]} 16. dxe5 {[%clk 01:14:49]} {[%emt
00:04:27]} Nh7 {[%clk 00:50:50]} {[%emt 00:03:05]} 17. Nd5 {[%clk 01:13:18]}
{[%emt 00:02:01]} Ba7 {[%clk 00:47:53]} {[%emt 00:03:27]} 18. Qd3 {[%clk
01:10:14]} {[%emt 00:03:34]} Nf8 {[%clk 00:45:27]} {[%emt 00:02:57]} 19. Bd2
{[%clk 01:05:00]} {[%emt 00:05:44]} Be6 {[%clk 00:41:10]} {[%emt 00:04:47]} 20.
Nf4 {[%clk 01:04:42]} {[%emt 00:00:48]} Qxd3 {[%clk 00:40:10]} {[%emt
00:01:31]} 21. Bxd3 {[%clk 01:04:43]} {[%emt 00:00:28]} Rad8 {[%clk 00:37:46]}
{[%emt 00:02:54]} 22. Bb5 {[%clk 01:04:19]} {[%emt 00:00:53]} Bb6 {[%clk
00:34:59]} {[%emt 00:03:16]} 23. Bc3 {[%clk 01:04:07]} {[%emt 00:00:44]} Bd5
{[%clk 00:29:15]} {[%emt 00:06:13]} 24. Nxd5 {[%clk 01:04:19]} {[%emt
00:00:19]} Rxd5 {[%clk 00:29:39]} {[%emt 00:00:06]} 25. Rad1 {[%clk 01:04:19]}
{[%emt 00:00:30]} Red8 {[%clk 00:28:46]} {[%emt 00:01:24]} 26. Rxd5 {[%clk
01:04:36]} {[%emt 00:00:12]} Rxd5 {[%clk 00:29:10]} {[%emt 00:00:06]} 27. Bxc6
{[%clk 01:04:29]} {[%emt 00:00:37]} bxc6 {[%clk 00:29:33]} {[%emt 00:00:07]}
28. Kf1 {[%clk 01:04:09]} {[%emt 00:00:51]} Ne6 {[%clk 00:29:20]} {[%emt
00:00:43]} 29. Re4 {[%clk 01:01:53]} {[%emt 00:02:46]} Nc5 {[%clk 00:25:14]}
{[%emt 00:04:36]} 30. Rc4 {[%clk 01:01:13]} {[%emt 00:01:11]} Kf8 {[%clk
00:16:54]} {[%emt 00:08:51]} 31. Nd4 {[%clk 00:59:30]} {[%emt 00:02:11]} Rxe5
{[%clk 00:14:50]} {[%emt 00:02:34]} 32. Nxc6 {[%clk 00:58:31]} {[%emt
00:01:30]} Rf5 {[%clk 00:13:01]} {[%emt 00:02:18]} 33. f3 {[%clk 00:55:07]}
{[%emt 00:03:56]} Ne6 {[%clk 00:11:44]} {[%emt 00:01:46]} 34. b4 {[%clk
00:53:31]} {[%emt 00:02:05]} axb4 {[%clk 00:11:01]} {[%emt 00:01:14]} 35. Bxb4+
{[%clk 00:53:44]} {[%emt 00:00:17]} Bc5 {[%clk 00:10:06]} {[%emt 00:01:24]} 36.
Nd4 {[%clk 00:53:31]} {[%emt 00:00:43]} Bxb4 {[%clk 00:07:07]} {[%emt
00:03:30]} 37. Nxf5 {[%clk 00:53:35]} {[%emt 00:00:26]} c5 {[%clk 00:07:16]}
{[%emt 00:00:20]} 38. Ke2 {[%clk 00:51:51]} {[%emt 00:02:15]} Ke8 {[%clk
00:07:16]} {[%emt 00:00:31]} 39. Nd6+ {[%clk 00:52:08]} {[%emt 00:00:14]} Ke7
{[%clk 00:07:21]} {[%emt 00:00:23]} 40. Nb7 {[%clk 00:52:27]} {[%emt 00:00:11]}
Kd7 {[%clk 00:07:24]} {[%emt 00:00:27]} 41. a5 {[%clk 00:52:12]} {[%emt
00:00:44]} Kc7 {[%clk 00:07:28]} {[%emt 00:00:26]} 42. a6 {[%clk 00:52:25]}
{[%emt 00:00:17]} Kb6 {[%clk 00:06:46]} {[%emt 00:01:11]} 43. Nd6 {[%clk
00:52:44]} {[%emt 00:00:12]} f6 {[%clk 00:05:21]} {[%emt 00:01:56]} 44. f4
{[%clk 00:52:28]} {[%emt 00:00:46]} Kxa6 {[%clk 00:04:57]} {[%emt 00:00:53]}
45. f5 {[%clk 00:52:47]} {[%emt 00:00:12]} Nd4+ {[%clk 00:04:21]} {[%emt
00:01:04]} 46. Kd3 {[%clk 00:52:52]} {[%emt 00:00:19]} Ka5 {[%clk 00:02:05]}
{[%emt 00:02:51]} 47. Ke4 {[%clk 00:49:10]} {[%emt 00:04:13]} Ka4 {[%clk
00:30:03]} {[%emt 00:02:29]} 48. g4 {[%clk 01:18:55]} {[%emt 00:00:49]} Kb3
{[%clk 00:28:57]} {[%emt 00:01:35]} 49. h4 {[%clk 01:18:30]} {[%emt 00:00:57]}
Ka4 {[%clk 00:28:18]} {[%emt 00:01:09]} 50. Nb7 {[%clk 01:17:44]} {[%emt
00:01:15]} Kb5 {[%clk 00:27:45]} {[%emt 00:01:03]} 51. Kd5 {[%clk 01:17:58]}
{[%emt 00:00:18]} Nb3 {[%clk 00:26:55]} {[%emt 00:01:18]} 52. Nd6+ {[%clk
01:18:00]} {[%emt 00:00:28]} Kb6 {[%clk 00:26:29]} {[%emt 00:00:55]} 53. Ne8
{[%clk 01:18:06]} {[%emt 00:00:26]} Nd2 {[%clk 00:26:35]} {[%emt 00:00:21]} 54.
Rf4 {[%clk 01:17:09]} {[%emt 00:01:28]} c4 {[%clk 00:25:50]} {[%emt 00:01:15]}
55. Nxg7 {[%clk 01:17:24]} {[%emt 00:00:17]} Kb5 {[%clk 00:25:02]} {[%emt
00:01:16]} 56. Ne6 {[%clk 01:17:28]} {[%emt 00:00:27]} c3 {[%clk 00:24:24]}
{[%emt 00:01:09]} 57. Nd4+ {[%clk 01:17:45]} {[%emt 00:00:13]} Kb6 {[%clk
00:20:15]} {[%emt 00:06:03]} 58. Nc2 {[%clk 01:18:48]} {[%emt 00:01:19]} Ba5
{[%clk 00:20:10]} {[%emt 00:00:33]} 59. Ke6 {[%clk 01:18:45]} {[%emt 00:00:36]}
Kc6 {[%clk 00:19:59]} {[%emt 00:00:40]} 60. Kxf6 {[%clk 01:18:57]} {[%emt
00:00:20]} Bd8 {[%clk 00:20:07]} {[%emt 00:00:19]} 61. Kg6 {[%clk 01:17:47]}
{[%emt 00:01:43]} Bxh4 {[%emt 00:01:46]} 62. Kxh6 {[%clk 01:13:30]} {[%emt
00:04:44]} Bd8 {[%clk 00:18:01]} {[%emt 00:01:21]} 63. f6 {[%clk 01:13:43]}
{[%emt 00:00:19]} Kd7 {[%clk 00:18:09]} {[%emt 00:00:21]} 64. Kg7 {[%clk
01:13:53]} {[%emt 00:00:21]} Bxf6 {[%clk 00:17:58]} {[%emt 00:00:41]} 65. Kxf6
{[%clk 01:14:18]} {[%emt 00:00:06]} Ke8 {[%clk 00:18:17]} {[%emt 00:00:10]} 66.
g5 {[%clk 01:14:36]} {[%emt 00:00:14]} Kf8 {[%clk 00:18:30]} {[%emt 00:00:16]}
67. g6 {[%clk 01:14:57]} {[%emt 00:00:10]} Kg8 {[%clk 00:18:52]} {[%emt
00:00:07]} 68. Rh4 {[%clk 01:15:00]} {[%emt 00:00:28]} Nf3 {[%clk 00:18:57]}
{[%emt 00:00:25]} 69. Rc4 {[%clk 01:15:11]} {[%emt 00:00:19]} 1-0

[Event "DVM U16w 2023"]
[Site "Magdeburg GER"]
[Date "2023.12.30"]
[Round "7"]
[White "Vogt, Luna"]
[Black "Boronina, Kseniia"]
[Result "0-1"]
[Termination "normal"]
[Board "7.2"]
[WhiteElo "1347"]
[BlackElo "1300"]
[WhiteClock "00:24:47"]
[BlackClock "00:21:51"]
[WhiteTeam "SG Porz 2"]
[BlackTeam "SF Roding"]
[PlyCount "60"]
[WhiteFideId "34607153"]
[BlackFideId "34308768"]
[EventCountry "GER"]
[EventRounds "7"]
[EventType "team-swiss"]
[EventDate "2023.12.26"]

1. d4 {[%emt 00:00:06]} Nf6 {[%clk 01:30:57]} 2. c4 {[%clk 01:31:20]} {[%emt
00:00:07]} g6 {[%clk 01:31:24]} {[%emt 00:00:04]} 3. Nc3 {[%clk 01:31:36]}
{[%emt 00:00:13]} d5 {[%clk 01:31:50]} {[%emt 00:00:04]} 4. Nf3 {[%clk
01:31:54]} {[%emt 00:00:11]} Bg7 {[%clk 01:32:16]} {[%emt 00:00:06]} 5. Bg5
{[%clk 01:32:06]} {[%emt 00:00:16]} Ne4 {[%clk 01:32:35]} {[%emt 00:00:11]} 6.
Bh4 {[%clk 01:32:22]} {[%emt 00:00:14]} Nxc3 {[%clk 01:32:03]} {[%emt
00:01:03]} 7. bxc3 {[%clk 01:32:44]} {[%emt 00:00:08]} O-O {[%clk 01:25:14]}
{[%emt 00:07:18]} 8. e3 {[%clk 01:31:40]} {[%emt 00:01:35]} c5 {[%clk
01:23:52]} {[%emt 00:01:51]} 9. Qb3 {[%clk 01:31:00]} {[%emt 00:01:08]} dxc4
{[%clk 01:18:42]} {[%emt 00:05:43]} 10. Bxc4 {[%clk 01:31:16]} {[%emt
00:00:14]} Nc6 {[%clk 01:18:09]} {[%emt 00:01:03]} 11. O-O {[%clk 01:30:16]}
{[%emt 00:01:29]} Na5 {[%clk 01:18:13]} {[%emt 00:00:27]} 12. Qb5 {[%clk
01:27:32]} {[%emt 00:03:13]} Nxc4 {[%clk 01:04:16]} {[%emt 00:14:29]} 13. Qxc4
{[%clk 01:27:47]} {[%emt 00:00:14]} cxd4 {[%clk 01:01:09]} {[%emt 00:03:37]}
14. cxd4 {[%clk 01:27:58]} {[%emt 00:00:19]} Bf6 {[%clk 00:57:40]} {[%emt
00:03:59]} 15. Bxf6 {[%clk 01:26:20]} {[%emt 00:02:06]} exf6 {[%clk 00:58:05]}
{[%emt 00:00:06]} 16. Rac1 {[%clk 01:25:55]} {[%emt 00:00:54]} Be6 {[%clk
00:55:31]} {[%emt 00:03:06]} 17. Qa4 {[%clk 01:25:16]} {[%emt 00:01:07]} Bd5
{[%clk 00:52:15]} {[%emt 00:03:47]} 18. Rc5 {[%clk 01:18:10]} {[%emt 00:07:35]}
Qd6 {[%clk 00:49:04]} {[%emt 00:03:42]} 19. Rfc1 {[%clk 01:17:22]} {[%emt
00:01:18]} Bc6 {[%clk 00:49:11]} {[%emt 00:00:20]} 20. Qc2 {[%clk 01:15:25]}
{[%emt 00:02:30]} Rfe8 {[%clk 00:33:26]} {[%emt 00:16:15]} 21. Nd2 {[%clk
01:13:22]} {[%emt 00:02:33]} Rad8 {[%clk 00:31:36]} {[%emt 00:02:20]} 22. Nb3
{[%clk 01:02:56]} {[%emt 00:10:56]} Qe6 {[%clk 00:30:59]} {[%emt 00:01:07]} 23.
Rc3 {[%clk 00:58:54]} {[%emt 00:04:31]} Qg4 {[%clk 00:28:49]} {[%emt 00:02:40]}
24. f4 {[%clk 00:57:50]} {[%emt 00:01:35]} Re7 {[%clk 00:26:36]} {[%emt
00:02:43]} 25. Qf2 {[%clk 00:55:26]} {[%emt 00:02:54]} Rde8 {[%clk 00:26:06]}
{[%emt 00:00:59]} 26. R1c2 {[%clk 00:54:54]} {[%emt 00:01:03]} Rxe3 {[%clk
00:25:56]} {[%emt 00:00:41]} 27. h3 {[%clk 00:38:08]} {[%emt 00:17:15]} Qd1+
{[%clk 00:23:36]} {[%emt 00:02:50]} 28. Kh2 {[%clk 00:37:47]} {[%emt 00:00:50]}
Rxc3 {[%clk 00:22:06]} {[%emt 00:02:01]} 29. Rxc3 {[%clk 00:36:06]} {[%emt
00:02:10]} Re2 {[%clk 00:21:34]} {[%emt 00:01:03]} 30. Rc1 {[%clk 00:24:47]}
{[%emt 00:11:47]} Rxf2 {[%clk 00:21:51]} {[%emt 00:00:13]} 0-1

[Event "DVM U16w 2023"]
[Site "Magdeburg GER"]
[Date "2023.12.30"]
[Round "7"]
[White "Schwarzfischer, Ramona"]
[Black "Popovidou, Laura"]
[Result "1/2-1/2"]
[Termination "normal"]
[Board "7.3"]
[WhiteElo "988"]
[BlackElo "1021"]
[WhiteClock "00:47:08"]
[BlackClock "00:19:01"]
[WhiteTeam "SF Roding"]
[BlackTeam "SG Porz 2"]
[PlyCount "109"]
[WhiteFideId "16268113"]
[BlackFideId "16255836"]
[EventCountry "GER"]
[EventRounds "7"]
[EventType "team-swiss"]
[EventDate "2023.12.26"]

1. d4 {[%clk 01:30:59]} {[%emt 00:00:01]} c5 {[%clk 01:30:53]} {[%emt
00:00:08]} 2. Nf3 {[%clk 01:31:10]} {[%emt 00:00:18]} Nf6 {[%clk 01:31:02]}
{[%emt 00:00:20]} 3. Bf4 {[%clk 01:31:26]} {[%emt 00:00:14]} cxd4 {[%clk
01:31:04]} {[%emt 00:00:28]} 4. Nxd4 {[%clk 01:31:18]} {[%emt 00:00:38]} e5
{[%clk 01:31:11]} {[%emt 00:00:21]} 5. Bxe5 {[%clk 01:31:36]} {[%emt 00:00:13]}
Qa5+ {[%clk 01:31:32]} {[%emt 00:00:10]} 6. Qd2 {[%clk 01:30:40]} {[%emt
00:01:27]} Qxe5 {[%clk 01:31:49]} {[%emt 00:00:12]} 7. c3 {[%clk 01:29:32]}
{[%emt 00:01:38]} Be7 {[%clk 01:29:06]} {[%emt 00:03:11]} 8. Nf3 {[%clk
01:29:16]} {[%emt 00:00:49]} Qc7 {[%clk 01:26:16]} {[%emt 00:03:20]} 9. e3
{[%clk 01:28:32]} {[%emt 00:01:13]} d5 {[%clk 01:24:08]} {[%emt 00:02:39]} 10.
Bd3 {[%clk 01:25:33]} {[%emt 00:03:30]} O-O {[%clk 01:22:11]} {[%emt 00:02:26]}
11. Qc2 {[%clk 01:25:29]} {[%emt 00:00:34]} h6 {[%clk 01:20:12]} {[%emt
00:02:29]} 12. Nbd2 {[%clk 01:24:57]} {[%emt 00:01:01]} Bd7 {[%clk 01:19:38]}
{[%emt 00:01:05]} 13. O-O-O {[%clk 01:24:26]} {[%emt 00:01:01]} a6 {[%clk
01:02:36]} {[%emt 00:17:31]} 14. e4 {[%clk 01:19:09]} {[%emt 00:05:48]} dxe4
{[%clk 01:01:40]} {[%emt 00:01:26]} 15. Nxe4 {[%clk 01:19:15]} {[%emt
00:00:22]} Nxe4 {[%clk 00:58:17]} {[%emt 00:03:54]} 16. Bxe4 {[%clk 01:19:30]}
{[%emt 00:00:15]} Bc6 {[%clk 00:56:31]} {[%emt 00:02:16]} 17. Rhe1 {[%clk
01:16:11]} {[%emt 00:03:49]} Qf4+ {[%clk 00:49:51]} {[%emt 00:07:10]} 18. Kb1
{[%clk 01:16:06]} {[%emt 00:00:36]} Bxe4 {[%clk 00:49:12]} {[%emt 00:01:08]}
19. Rxe4 {[%clk 01:15:58]} {[%emt 00:00:39]} Qf6 {[%clk 00:47:07]} {[%emt
00:02:34]} 20. Rdd4 {[%clk 01:08:22]} {[%emt 00:08:07]} Nc6 {[%clk 00:42:36]}
{[%emt 00:05:01]} 21. Rc4 {[%clk 01:06:21]} {[%emt 00:02:29]} Rac8 {[%clk
00:32:49]} {[%emt 00:10:19]} 22. Rf4 {[%clk 01:04:54]} {[%emt 00:01:56]} Qg6
{[%clk 00:32:46]} {[%emt 00:00:35]} 23. Qxg6 {[%clk 01:04:52]} {[%emt
00:00:31]} fxg6 {[%clk 00:33:06]} {[%emt 00:00:11]} 24. Rxf8+ {[%clk 01:03:57]}
{[%emt 00:01:25]} Kxf8 {[%clk 00:26:51]} {[%emt 00:06:45]} 25. Ne5 {[%clk
01:03:15]} {[%emt 00:01:12]} g5 {[%clk 00:26:51]} {[%emt 00:00:30]} 26. f4
{[%clk 00:59:41]} {[%emt 00:04:04]} Bd6 {[%clk 00:21:54]} {[%emt 00:05:28]} 27.
Kc2 {[%clk 00:57:59]} {[%emt 00:02:11]} Rc7 {[%clk 00:18:21]} {[%emt 00:04:04]}
28. Re4 {[%clk 00:55:09]} {[%emt 00:03:18]} Nxe5 {[%clk 00:17:48]} {[%emt
00:01:04]} 29. fxe5 {[%clk 00:55:21]} {[%emt 00:00:18]} Re7 {[%clk 00:18:08]}
{[%emt 00:00:09]} 30. e6 {[%clk 00:55:24]} {[%emt 00:00:28]} g6 {[%clk
00:15:59]} {[%emt 00:02:38]} 31. Kd3 {[%clk 00:53:44]} {[%emt 00:02:10]} Bxh2
{[%clk 00:14:42]} {[%emt 00:01:48]} 32. Kd4 {[%clk 00:52:59]} {[%emt 00:01:14]}
Kg7 {[%clk 00:14:18]} {[%emt 00:00:55]} 33. Kd5 {[%clk 00:51:42]} {[%emt
00:01:47]} Kf6 {[%clk 00:14:32]} {[%emt 00:00:16]} 34. a4 {[%clk 00:49:29]}
{[%emt 00:02:43]} h5 {[%clk 00:11:58]} {[%emt 00:03:05]} 35. b4 {[%clk
00:48:06]} {[%emt 00:01:52]} g4 {[%clk 00:11:00]} {[%emt 00:01:28]} 36. b5
{[%clk 00:47:40]} {[%emt 00:00:56]} axb5 {[%clk 00:05:03]} {[%emt 00:06:27]}
37. axb5 {[%clk 00:47:21]} {[%emt 00:00:48]} g5 {[%clk 00:04:42]} {[%emt
00:00:52]} 38. c4 {[%clk 00:46:41]} {[%emt 00:01:10]} Bc7 {[%clk 00:03:19]}
{[%emt 00:01:53]} 39. c5 {[%clk 00:45:44]} {[%emt 00:01:26]} g3 {[%clk
00:02:27]} {[%emt 00:01:23]} 40. Re1 {[%clk 00:43:18]} {[%emt 00:02:54]} h4
{[%clk 00:02:45]} {[%emt 00:00:15]} 41. b6 {[%clk 00:42:37]} {[%emt 00:01:10]}
Bb8 {[%clk 00:02:07]} {[%emt 00:01:07]} 42. Rf1+ {[%clk 00:40:44]} {[%emt
00:02:22]} Kg6 {[%clk 00:29:28]} {[%emt 00:03:09]} 43. Rf8 {[%clk 01:10:04]}
{[%emt 00:01:10]} Bf4 {[%clk 00:26:17]} {[%emt 00:03:42]} 44. Rg8+ {[%clk
00:52:50]} {[%emt 00:17:44]} Kf6 {[%clk 00:24:11]} {[%emt 00:02:37]} 45. Rf8+
{[%clk 00:52:42]} {[%emt 00:00:36]} Kg6 {[%clk 00:21:34]} {[%emt 00:03:09]} 46.
Rg8+ {[%clk 00:50:28]} {[%emt 00:02:43]} Kf6 {[%clk 00:21:51]} {[%emt
00:00:13]} 47. Rf8+ {[%clk 00:50:12]} {[%emt 00:00:46]} Kg7 {[%clk 00:20:36]}
{[%emt 00:01:46]} 48. Rf5 {[%clk 00:49:12]} {[%emt 00:01:25]} h3 {[%clk
00:18:29]} {[%emt 00:02:42]} 49. c6 {[%clk 00:46:28]} {[%emt 00:03:12]} hxg2
{[%clk 00:18:25]} {[%emt 00:00:36]} 50. Rxf4 {[%clk 00:46:29]} {[%emt
00:00:28]} bxc6+ {[%clk 00:18:40]} {[%emt 00:00:16]} 51. Kd6 {[%clk 00:46:35]}
{[%emt 00:00:23]} Rxe6+ {[%clk 00:18:50]} {[%emt 00:00:21]} 52. Kxe6 {[%clk
00:46:44]} {[%emt 00:00:20]} gxf4 {[%clk 00:19:13]} {[%emt 00:00:09]} 53. b7
{[%clk 00:46:53]} {[%emt 00:00:21]} g1=Q {[%clk 00:18:59]} {[%emt 00:00:44]}
54. b8=Q {[%clk 00:47:06]} {[%emt 00:00:18]} Qe3+ {[%clk 00:19:01]} {[%emt
00:00:26]} 55. Kf5 {[%clk 00:47:08]} {[%emt 00:00:25]} 1/2-1/2

[Event "DVM U16w 2023"]
[Site "Magdeburg GER"]
[Date "2023.12.30"]
[Round "7"]
[White "Brandt, Hilda"]
[Black "Lankes, Selina"]
[Result "0-1"]
[Termination "normal"]
[Board "7.4"]
[WhiteElo "836"]
[BlackElo "933"]
[WhiteClock "01:09:29"]
[BlackClock "01:18:19"]
[WhiteTeam "SG Porz 2"]
[BlackTeam "SF Roding"]
[PlyCount "98"]
[WhiteFideId "34636447"]
[BlackFideId "34639756"]
[EventCountry "GER"]
[EventRounds "7"]
[EventType "team-swiss"]
[EventDate "2023.12.26"]

1. e4 {[%clk 01:30:57]} {[%emt 00:00:03]} c6 {[%clk 01:30:47]} {[%emt
00:00:13]} 2. Nf3 {[%clk 01:31:17]} {[%emt 00:00:10]} d5 {[%clk 01:31:05]}
{[%emt 00:00:12]} 3. exd5 {[%clk 01:31:37]} {[%emt 00:00:10]} cxd5 {[%clk
01:31:26]} {[%emt 00:00:10]} 4. d4 {[%clk 01:31:59]} {[%emt 00:00:08]} Bg4
{[%clk 01:31:45]} {[%emt 00:00:09]} 5. h3 {[%clk 01:32:17]} {[%emt 00:00:13]}
Bxf3 {[%clk 01:32:03]} {[%emt 00:00:11]} 6. Qxf3 {[%clk 01:32:40]} {[%emt
00:00:07]} Nc6 {[%clk 01:32:17]} {[%emt 00:00:16]} 7. c3 {[%clk 01:32:55]}
{[%emt 00:00:15]} e6 {[%clk 01:32:33]} {[%emt 00:00:14]} 8. Bd3 {[%clk
01:33:17]} {[%emt 00:00:09]} Bd6 {[%clk 01:32:40]} {[%emt 00:00:23]} 9. Bf4
{[%clk 01:33:10]} {[%emt 00:00:35]} Nge7 {[%clk 01:32:48]} {[%emt 00:00:23]}
10. Nd2 {[%clk 01:33:28]} {[%emt 00:00:12]} h6 {[%clk 01:32:57]} {[%emt
00:00:21]} 11. Qd1 {[%clk 01:33:46]} {[%emt 00:00:13]} e5 {[%clk 01:32:54]}
{[%emt 00:00:33]} 12. dxe5 {[%clk 01:33:39]} {[%emt 00:00:37]} Bxe5 {[%clk
01:32:41]} {[%emt 00:00:42]} 13. Bxe5 {[%clk 01:33:32]} {[%emt 00:00:36]} Nxe5
{[%clk 01:33:00]} {[%emt 00:00:12]} 14. Qe2 {[%clk 01:31:54]} {[%emt 00:02:07]}
Nxd3+ {[%clk 01:32:31]} {[%emt 00:01:01]} 15. Qxd3 {[%clk 01:32:12]} {[%emt
00:00:10]} O-O {[%clk 01:32:48]} {[%emt 00:00:14]} 16. O-O {[%clk 01:32:35]}
{[%emt 00:00:07]} Qb6 {[%clk 01:32:58]} {[%emt 00:00:18]} 17. b4 {[%clk
01:31:23]} {[%emt 00:01:45]} Rfe8 {[%clk 01:32:54]} {[%emt 00:00:33]} 18. Rfe1
{[%clk 01:30:34]} {[%emt 00:01:20]} Rad8 {[%clk 01:32:51]} {[%emt 00:00:32]}
19. Re2 {[%clk 01:26:33]} {[%emt 00:04:28]} d4 {[%clk 01:32:02]} {[%emt
00:01:22]} 20. Rae1 {[%clk 01:25:34]} {[%emt 00:01:30]} dxc3 {[%clk 01:25:36]}
{[%emt 00:06:55]} 21. Qxc3 {[%clk 01:24:42]} {[%emt 00:01:21]} Qd6 {[%clk
01:25:30]} {[%emt 00:00:37]} 22. a3 {[%clk 01:23:46]} {[%emt 00:01:27]} Rc8
{[%clk 01:24:25]} {[%emt 00:01:34]} 23. Qb3 {[%clk 01:22:31]} {[%emt 00:01:44]}
Qd7 {[%clk 01:23:57]} {[%emt 00:00:59]} 24. Re3 {[%clk 01:22:15]} {[%emt
00:00:47]} Nf5 {[%clk 01:23:55]} {[%emt 00:00:31]} 25. Rd3 {[%clk 01:21:20]}
{[%emt 00:01:04]} Rxe1+ {[%clk 01:23:51]} {[%emt 00:00:56]} 26. Kh2 {[%clk
01:21:33]} {[%emt 00:00:17]} Qc7+ {[%clk 01:22:57]} {[%emt 00:01:22]} 27. g3
{[%clk 01:20:43]} {[%emt 00:01:20]} Re2 {[%clk 01:22:18]} {[%emt 00:01:10]} 28.
Kg1 {[%clk 01:17:05]} {[%emt 00:04:07]} Qb6 {[%clk 01:22:09]} {[%emt 00:00:38]}
29. Rf3 {[%clk 01:16:42]} {[%emt 00:00:52]} Nd6 {[%clk 01:20:56]} {[%emt
00:01:44]} 30. Qd5 {[%clk 01:16:11]} {[%emt 00:01:00]} Rc7 {[%clk 01:19:40]}
{[%emt 00:01:48]} 31. Qd3 {[%clk 01:14:31]} {[%emt 00:02:08]} Re1+ {[%clk
01:19:14]} {[%emt 00:00:58]} 32. Kg2 {[%clk 01:14:15]} {[%emt 00:00:46]} Qa6
{[%clk 01:17:58]} {[%emt 00:01:46]} 33. Qxa6 {[%clk 01:13:36]} {[%emt
00:01:09]} bxa6 {[%clk 01:18:09]} {[%emt 00:00:20]} 34. Rd3 {[%clk 01:13:11]}
{[%emt 00:00:54]} Nc4 {[%clk 01:17:38]} {[%emt 00:01:01]} 35. Rd8+ {[%clk
01:13:12]} {[%emt 00:00:30]} Kh7 {[%clk 01:17:51]} {[%emt 00:00:16]} 36. Nf3
{[%clk 01:13:19]} {[%emt 00:00:25]} Ra1 {[%clk 01:17:50]} {[%emt 00:00:24]} 37.
h4 {[%clk 01:12:55]} {[%emt 00:01:00]} Rxa3 {[%clk 01:18:02]} {[%emt 00:00:19]}
38. g4 {[%clk 01:12:08]} {[%emt 00:01:15]} f6 {[%clk 01:17:40]} {[%emt
00:00:53]} 39. g5 {[%clk 01:11:52]} {[%emt 00:00:45]} a5 {[%clk 01:17:50]}
{[%emt 00:00:22]} 40. b5 {[%clk 01:12:10]} {[%emt 00:00:12]} Ra1 {[%clk
01:17:54]} {[%emt 00:00:24]} 41. Rb8 {[%clk 01:11:24]} {[%emt 00:01:16]} a4
{[%clk 01:18:05]} {[%emt 00:00:19]} 42. h5 {[%clk 01:10:36]} {[%emt 00:01:18]}
g6 {[%clk 01:18:02]} {[%emt 00:00:34]} 43. gxf6 {[%clk 01:10:43]} {[%emt
00:00:22]} Rf7 {[%clk 01:17:56]} {[%emt 00:00:36]} 44. Nh4 {[%clk 01:10:13]}
{[%emt 00:01:00]} gxh5 {[%clk 01:18:01]} {[%emt 00:00:26]} 45. Rc8 {[%clk
01:09:02]} {[%emt 00:01:41]} Nb6 {[%clk 01:17:52]} {[%emt 00:00:40]} 46. Re8
{[%clk 01:08:55]} {[%emt 00:00:36]} a3 {[%clk 01:17:52]} {[%emt 00:00:32]} 47.
Re7 {[%clk 01:08:50]} {[%emt 00:00:34]} Rxe7 {[%clk 01:17:56]} {[%emt
00:00:26]} 48. fxe7 {[%clk 01:09:11]} {[%emt 00:00:09]} Re1 {[%clk 01:18:18]}
{[%emt 00:00:09]} 49. Nf5 {[%clk 01:09:29]} {[%emt 00:00:10]} a2 {[%clk
01:18:19]} {[%emt 00:00:30]} 0-1